| 000 | 01213namaa22003011i 4500 | ||
|---|---|---|---|
| 003 | EG-GICUC | ||
| 005 | 20260225110206.0 | ||
| 008 | 260225s1998 le ||||jr|||| 000 0 ara d | ||
| 040 |
_aEG-GiCUC _bara _cEG-GiCUC _dEG-GiCUC _erda |
||
| 082 | 0 | 4 |
_221 _a811.4 _bA773 |
| 092 | 0 | 4 |
_221 _a811.4 _bA773 |
| 099 | _a811.4 A773 | ||
| 100 | 1 |
_a أرجاني، أحمد ابن محمد _d1067 1068 او1149 1150او _eمؤلف. |
|
| 245 | 1 |
_aديوان الأرجانى / _cناصح الدين أحمد بن محمد ؛ تقديم وضبط وشرح قدرى مايو |
|
| 250 | _aالطبعة الاولى | ||
| 264 |
_aبيروت (لبنان) : _bدار الجيل، _c1998. |
||
| 300 |
_a؛ 2 مجلد _c24 سم _bإيضاحيات، صور، مثيليات ؛ Illustrations |
||
| 336 |
_2rdacontent _atext |
||
| 337 |
_2rdamedia _aUnmediated |
||
| 338 |
_2rdacarrier _avolume |
||
| 504 | _aيشتمل على ارجاعات ببليوجرافية | ||
| 541 |
_aد. جابر عصفور ؛ _bالقاهرة ؛ _cإهداء ؛ _d2024. |
||
| 650 | 1 | 7 |
_aالشعر العربى _yالعصر العباسى الاول _2qrmak |
| 651 | 1 | _2qrmak | |
| 700 | 1 | _aمايو، قدرى | |
| 905 | _aHuda | ||
| 942 |
_2ddc _cBK _e21 _n0 |
||
| 999 |
_c178726 _d178726 |
||